=LDR 00000nam 2200000 4500 =001 INLIS000000000012434 =005 20130612103946 =008 ***********************************Ind** =035 ##$$0010-061300000012434 =041 ##$$a Ind =082 ##$$a 398.209 598 21 =090 ##$$a 398.209 598 21, put-d =100 ##$$a putra andika =245 ##$$a Dewi awang dan jaka, Andika putra =260 ##$$a 1993 $b Bandung =300 ##$$a 40 hlm., Ilus, 21 cm =650 ##$$a Cerita rakyat jawa barat =850 ##$$a NBPNMAT